|
|
|
|
| LEADER |
01521nam a2200397 a 4500 |
| 001 |
EBC1124992 |
| 003 |
MiAaPQ |
| 005 |
20200520144314.0 |
| 006 |
m o d | |
| 007 |
cr cn||||||||| |
| 008 |
130131s2013 njuad s 001 0 eng d |
| 010 |
|
|
|z 2013002838
|
| 020 |
|
|
|z 9781118639382 (cloth)
|
| 020 |
|
|
|a 9781118645291 (electronic bk.)
|
| 035 |
|
|
|a (MiAaPQ)EBC1124992
|
| 035 |
|
|
|a (Au-PeEL)EBL1124992
|
| 035 |
|
|
|a (CaPaEBR)ebr10660609
|
| 035 |
|
|
|a (CaONFJC)MIL450104
|
| 035 |
|
|
|a (OCoLC)828298678
|
| 040 |
|
|
|a MiAaPQ
|c MiAaPQ
|d MiAaPQ
|
| 050 |
|
4 |
|a HG4028.V3
|b S837 2013
|
| 082 |
0 |
4 |
|a 658.15/22
|2 23
|
| 100 |
1 |
|
|a Stewart, G. Bennett.
|
| 245 |
1 |
0 |
|a Best-practice EVA
|h [electronic resource] :
|b the definitive guide to measuring and maximizing shareholder value /
|c G. Bennett Stewart, III.
|
| 260 |
|
|
|a Hoboken, N.J. :
|b John Wiley & Sons, Inc.,
|c 2013.
|
| 300 |
|
|
|a xviii, 324 p. :
|b ill. (some col.).
|
| 440 |
|
0 |
|a Wiley finance series
|
| 500 |
|
|
|a Includes index.
|
| 505 |
0 |
|
|a EVA 101 -- EVA and value -- Accounting for value -- What's wrong with RONA?.
|
| 533 |
|
|
|a Electronic reproduction. Ann Arbor, MI : ProQuest, 2015. Available via World Wide Web. Access may be limited to ProQuest affiliated libraries.
|
| 650 |
|
0 |
|a Economic value added.
|
| 650 |
|
0 |
|a Corporations
|x Valuation.
|
| 650 |
|
0 |
|a Stockholder wealth.
|
| 655 |
|
4 |
|a Electronic books.
|
| 710 |
2 |
|
|a ProQuest (Firm)
|
| 856 |
4 |
0 |
|u https://ebookcentral.proquest.com/lib/matrademy/detail.action?docID=1124992
|z Click to View
|